特急「小江戸」の停車駅 - Statistics

General Stats
  • This quiz has been taken 93 times
  • The average score is 5 of 6
Answer Stats
停車駅 % Correct
西武新宿
99%
本川越
97%
所沢
95%
高田馬場
89%
狭山市
82%
東村山
73%
No matching quizzes found
Score Distribution
Percent of People with Each Score
Percentile by Number Answered
Your Score History
You have not taken this quiz